Maiores Streamers do Brasil - Statistics

Estatísticas Gerais
  • Esse quiz foi jogado 229 vezes
    56 desde o último reset
  • A pontuação média é 6 de 20
Estatísticas das Respostas
Seguidores Streamer % Correto
6.7M Alanzoka
87%
3.0M Gaules
76%
4.7M loud_coringa
72%
3.7M Casimito
65%
3.2M Cellbit
65%
3.7M Nobru
39%
2.6M PaulinhoLOKObr
31%
1.4M Felps
28%
1.5M Calango
26%
1.7M blxckoutz
19%
2.4M YoDa
19%
1.6M Jonvlogs
17%
1.5M gafallen
15%
1.4M tioorochitwitch
13%
1.7M loud_thurzin
9%
2.4M neymarjr
7%
1.5M bakzera
6%
1.6M LuquEt4
6%
1.6M Rakin
6%
1.8M Jukes
4%
Nenhum quiz correspondente encontrado
Distribuição das Pontuações
Porcentagem de Pessoas com Cada Pontuação
Percentil de Números Respondidos
Sua Pontuação Histórica
Você não jogou esse quiz desde o último reset